000 00449cam a2200145 4500500
005 20260322004542.0
041 _afre
042 _adc
100 1 0 _aToranian, Valérie
_eauthor
245 0 0 _aFace à la crise
260 _c2021.
500 _a15
786 0 _nRevue des deux Mondes | Février | 1 | 2021-02-01 | p. 4-6 | 2266-4734
856 4 1 _uhttps://shs.cairn.info/revue-revue-des-deux-mondes-2021-1-page-4?lang=fr&redirect-ssocas=7080
999 _c1741241
_d1741241